Red colored Pokemons - Statistics

General Stats
  • This quiz has been taken 30 times
  • The average score is 54 of 98
Answer Stats
Generations Types Answer % Correct
Fire/Flying Charizard
95%
Kanto Fire Charmander
91%
Fire Charmeleon
91%
Fire/Fighting Blaziken
82%
Fire Magmar
82%
Fire/Fighting Combusken
73%
Fire Flareon
73%
Bug/Steel Scizor
73%
Hoenn Fire Torchic
73%
Electric Electrode
68%
Fire/Fighting Emboar
68%
Kalos Fire Fennekin
68%
Ground Groudon
68%
Ice/Psychic Jynx
68%
Fire Magby
68%
Water Magikarp
68%
Fire/Fighting Pignite
68%
Unova Fire Tepig
68%
Electric Voltorb
68%
Fire Braixen
64%
Fire/Psychic Delphox
64%
Fire/Flying Fletchinder
64%
Normal/Flying Fletchling
64%
Fire/Flying Ho-Oh
64%
Fire Magmortar
64%
Bug/Grass Paras
64%
Bug/Grass Parasect
64%
Electric/Ghost Rotom
64%
Fire Slugma
64%
Bug/poison Ariados
59%
Sinnoh Bug Kricketot
59%
Bug Kricketune
59%
Ground/Dark Krookodile
59%
Bug/Flying Ledian
59%
Johto Bug/Flying Ledyba
59%
Fire/Rock Magcargo
59%
Fighting/Psychic Medicham
59%
Water Octillery
59%
Fighting Throh
59%
Grass/Poison Vileplume
59%
Fire/Bug Centiskorch
55%
Water Corphish
55%
Water/Dark Crawdaunt
55%
Psychic Deoxys
55%
Paldea Fire Fuecoco
55%
Water Kingler
55%
Water Krabby
55%
Psychic/Dragon Latias
55%
Alola Fire Litten
55%
Galar Bug/Psychic Orbeetle
55%
Fire Pansear
55%
Bug/Poison Scolipede
55%
Water Seaking
55%
Fire/Bug Sizzlipede
55%
Fire/Flying Talonflame
55%
Bug/Poison Venipede
55%
Bug Wurmple
55%
Dark/Steel Bisharp
50%
Bug/Fighting Buzzwole
50%
Water/Dark Carvanha
50%
Fire Charcadet
50%
Fire Crocalor
50%
Fire Darmanitan
50%
Fire Darumaka
50%
Ice/Flying Delibird
50%
Water Goldeen
50%
Fire Heatmor
50%
Fire/Dark Incineroar
50%
Dark/Steel Pawniard
50%
Dark/Fighting Scrafty
50%
Fire Simisear
50%
Bug/Flying Yanma
50%
Dark/Flying Yveltal
50%
Fire/Ground Camerupt
45%
Fire/Ghost Skeledirge
45%
Rock/Psychic Solrock
45%
Dragon/Water Tatsugiri (Curly)
45%
Fire Torracat
45%
Rock/Dragon Tyrantrum
45%
Bug Accelgor
41%
Normal/Flying Braviary
41%
Bug/Rock Crustle
41%
Dragon Druddigon
41%
Bug/Rock Dwebble
41%
Bug Shelmet
41%
Fire/Dragon Turtonator
41%
Fire/Psychic Armarouge
36%
Fighting/Dragon Koraidon
36%
Fire/Flying Oricorio (Baile)
36%
Dark/Fire Chi-Yu
32%
Normal Porygon2
32%
Normal Porygon-Z
32%
Fairy/Grass Tapu Bulu
32%
Ghost Gimmighoul (Chest)
27%
Rock Klawf
27%
Fighting Zamazenta
27%
Ice/Water Iron Bundle
23%
Water Wugtrio
23%
No matching quizzes found
Score Distribution
Percent of People with Each Score
Percentile by Number Answered
Your Score History
You have not taken this quiz